A Guarantee System for Youth Policies. “One Step Ahead†Towards employment and autonomy (Record no. 17712)
[ view plain ]
| 000 -LEADER | |
|---|---|
| fixed length control field | 00416nam a2200109Ia 4500 |
| 008 - FIXED-LENGTH DATA ELEMENTS--GENERAL INFORMATION | |
| fixed length control field | 220615s9999||||xx |||||||||||||| ||und|| |
| 245 #2 - TITLE STATEMENT | |
| Title | A Guarantee System for Youth Policies. “One Step Ahead†Towards employment and autonomy |
| 546 ## - LANGUAGE NOTE | |
| Language note | English[eng] |
| 700 ## - ADDED ENTRY--PERSONAL NAME | |
| Personal name | Federighi, Paolo||Torlone, Francesca |
| 856 ## - ELECTRONIC LOCATION AND ACCESS | |
| Uniform Resource Identifier | <a href="https://library.oapen.org/bitstream/20.500.12657/55097/1/9788866554684.pdf">https://library.oapen.org/bitstream/20.500.12657/55097/1/9788866554684.pdf</a> |
| 942 ## - ADDED ENTRY ELEMENTS (KOHA) | |
| Koha item type | E-Books |
| Withdrawn status | Lost status | Damaged status | Not for loan | Home library | Current library | Date acquired | Total Checkouts | Date last seen | Price effective from | Koha item type |
|---|---|---|---|---|---|---|---|---|---|---|
| Kerala University of Digital Sciences, Innovation and Technology Knowledge Centre | Kerala University of Digital Sciences, Innovation and Technology Knowledge Centre | 15/06/2022 | 15/06/2022 | 15/06/2022 | E-Books |